Hedžové fondy a ich stratégie
Investovanie do hedžových fondov, komparácia s investičnými fondmi a ich odlišnosti. Definovanie základných hedžingových stratégii a ich výkonnosti vrátane prínosov a obmedzení.
Uložené v:
| Hlavný autor: | |
|---|---|
| Médium: | Kapitola |
| Jazyk: | Slovak |
| Predmet: | |
| Tagy: |
Žiadne tagy, Buďte prvý, kto otaguje tento záznam!
|
MARC
| LEADER | 00000nla a2200000 4500 | ||
|---|---|---|---|
| 001 | 0178445 | ||
| 005 | 20221020085312.7 | ||
| 041 | 0 | |a slo | |
| 044 | |a SK | ||
| 245 | 1 | 0 | |a Hedžové fondy a ich stratégie |c Katarína Zvaríková |
| 520 | |a Investovanie do hedžových fondov, komparácia s investičnými fondmi a ich odlišnosti. Definovanie základných hedžingových stratégii a ich výkonnosti vrátane prínosov a obmedzení. | ||
| 610 | 2 | 0 | |a trh kapitálový |
| 610 | 2 | 0 | |a burzovníctvo |
| 610 | 2 | 0 | |a hedging |
| 610 | 2 | 0 | |a fondy investičné |
| 610 | 2 | 0 | |a stratégia investičná |
| 610 | 2 | 0 | |a riziko trhové |
| 610 | 2 | 0 | |a výnosy |
| 100 | 1 | |a Zvaríková, Katarína | |